Beschaffungsmarketing in Industriekonzernen

Salvato in:
Dettagli Bibliografici
Natura: Libro
Lingua:tedesco
Pubblicazione: Berlin Hochschule für Ökonomie 1990
Edizione:1. Aufl.
Serie:Forschungsinformation Heft 14
Tags: Aggiungi Tag
Nessun Tag, puoi essere il primo ad aggiungerne!!

MARC

LEADER 00000nam a2200000 4500
001 c025264
005 20221206122320.6
041 0 |a ger 
044 |a DE 
245 1 0 |a Beschaffungsmarketing in Industriekonzernen 
250 |a 1. Aufl. 
264 1 |a Berlin  |b Hochschule für Ökonomie  |c 1990 
300 |a 119 s. 
490 1 |a Forschungsinformation  |v Heft 14 
830 0 |a Forschungsinformation  |v Heft 14